| 000 | 00383nam a22001217a 4500 | ||
|---|---|---|---|
| 082 | _a220 PRO | ||
| 100 |
_aFAISAL,AHMAD,NAUMAN _972190 |
||
| 245 | _aPR-SOF-1136-DESIGN AND FABRICATION OF TEST BENCH TO DETERMINE CHARACTERISTICS OF SMA;; AERIAL VEHICLE | ||
| 260 |
_aISLAMABAD _bNUST COLLEGE OF EME _c2011 |
||
| 650 | _aDE-MECH-29 | ||
| 700 |
_aSAIF ULLAH KHALID _972191 |
||
| 942 | _cCR | ||
| 999 |
_c578338 _d578338 |
||